Quality enhancement projects improve health care.

V r. 1988 vypracoval lekársky štáb nemocnice s 1092 lôžkami Program presadzovania akosti na zhodnotenie kvality a nákladovej efektívnosti svojich liečebných úkonov. Výskumom, internými expertízami a literárnymi rešeršami sa identifikovali možnosti zníženia nákladov a zvýšenia akosti v riadení liečeb...

ver descrição completa

Na minha lista:
Detalhes bibliográficos
Autor principal: Claybaker, C.
Outros Autores: Picken, J.J
Formato: Capítulo de Livro
Idioma:inglês
Assuntos:
Tags: Adicionar Tag
Sem tags, seja o primeiro a adicionar uma tag!

MARC

LEADER 00000naa a2200000 4500
001 r009238
005 20220913122616.9
041 0 |a eng 
044 |a US 
245 1 0 |a Quality enhancement projects improve health care.  |c C. Claybaker, J.J. Picken 
520 |a V r. 1988 vypracoval lekársky štáb nemocnice s 1092 lôžkami Program presadzovania akosti na zhodnotenie kvality a nákladovej efektívnosti svojich liečebných úkonov. Výskumom, internými expertízami a literárnymi rešeršami sa identifikovali možnosti zníženia nákladov a zvýšenia akosti v riadení liečebných procesov a starostlivosti o pacienta. Organizácia programu duplikuje línie riadenia lekárskej hierarchie. Podrobný popis štrukturovaných postupov na riešenie jednotlivých okruhov otázok za použitia systémovej analýzy. 
610 2 0 |a starostlivosť zdravotná 
610 2 0 |a projekty 
610 2 0 |a kvalita 
610 2 0 |a nemocnice 
610 2 0 |a USA 
610 2 0 |a efektívnosť 
610 2 0 |a náklady 
610 2 0 |a expertízy 
610 2 0 |a analýza systémová 
610 2 0 |a znižovanie nákladov 
610 2 0 |a proces pracovný 
610 2 0 |a riadenie 
100 1 |a Claybaker, C. 
700 1 |a Picken, J.J.